Itzy Alphabet song - Statistics

General Stats
  • This quiz has been taken 74 times
    40 since last reset
  • The average score is 16 of 20
Answer Stats
Hint Answer % Correct
D Domino / Dynamite / Dalla dalla / Don’t give a what
100%
W Wannabe / What I want / Want it? / Wild wild west / Walk
100%
I I don’t wanna dance / Imaginary friend / Icy / It’z summer / id / In the morning
96%
L Loco / Love is / Louder / Locked n loaded
93%
S Swipe / Sooo lucky / Sneakers / Sugar-holic / Style / Spice / Supernatural / Surf / Sorry not soory / Shoot! / Snowy / Superpowers
93%
B Boom boxx / Blah blah blah / Born to be / Blossom / Bad girls r us / Be in love / Break Ice / Break my heart myself / Boys like you / Bet on me / Bratty
89%
C Chillin’ chillin’ / Can’t tie me down / Cronw on my head / Cherry / Cheshire /Cake
89%
G Gas me up / Gold / Girls will be girls
86%
R Racer / Ringo / Run away
86%
N Nobody like you / Not shy / None of my business / No biggie
82%
T Ting ting ting / That’s a no no / Trust me / Tennis
82%
M Mirror / Mr vampire /Mine
79%
V Voltage / Vay
79%
K Kidding me / Kill shot / Kiss & tell
75%
F Free fall / Five / Freaky
68%
U Untouchable
68%
Y You make me / Yet but
68%
E Escalator
57%
P Playlist / Psychic Lover / Promise
57%
A Algorhythm
50%
No matching quizzes found
Score Distribution
Percent of People with Each Score
Percentile by Number Answered
Your Score History
You have not taken this quiz since the last reset